Nam Phong tạp chí và sự đổi mới thể loại văn học Việt Nam đầu thế kỷ XX /

Bewaard in:
Bibliografische gegevens
Hoofdauteur: Nguyễn Đình Hảo
Formaat: Thesis
Taal:Vietnamese
Gepubliceerd in: Đà Lạt : Trường Đại học Đà Lạt, 2001
Onderwerpen:
Tags: Voeg label toe
Geen labels, Wees de eerste die dit record labelt!
Thư viện lưu trữ: Thư viện Trường Đại học Đà Lạt
LEADER 01015nam a2200349 4500
001 DLU040026659
005 ##20021230
040 # # |a DLU  |b vie 
041 # # |a vie 
044 # # |a vn 
082 # # |a 800  |b NG-H 
100 # # |a Nguyễn Đình Hảo 
245 # # |a Nam Phong tạp chí và sự đổi mới thể loại văn học Việt Nam đầu thế kỷ XX /  |c Nguyễn Đình Hảo 
260 # # |a Đà Lạt :  |b Trường Đại học Đà Lạt,  |c 2001 
300 # # |a 107 tr. ;  |c 30 cm 
504 # # |a Tài liệu tham khảo : tr. 96-107 
653 # # |a Báo chí 
653 # # |a Nam Phong tạp chí 
653 # # |a Thế kỉ 20 
653 # # |a Thế kỷ 20 
653 # # |a Thể loại văn học 
653 # # |a Tiếng Việt 
915 # # |a Ngữ văn.  |b B2000-29-29,  |c Đề tài nghiên cứu khoa học cấp bộ 
992 # # |a 0 
994 # # |a DLU 
900 # # |a True 
911 # # |a Thái Thị Thanh Thủy 
925 # # |a G 
926 # # |a A 
927 # # |a LA 
980 # # |a Thư viện Trường Đại học Đà Lạt